Doctor Who by Episode Villain - Statistics

General Stats
  • This quiz has been taken 82 times
  • The average score is 86 of 162
Answer Stats
Hint Answer % Correct
Army of Ghosts | Doomsday Cybermen and Daleks
100%
Asylum of the ______ | Bad Wolf | D____ | +10 others Daleks
100%
The Magician's Apprentice | The Witch's Familiar Davros
100%
The Pandorica Opens Everyone
100%
Closing Time | Nightmare in Silver | Rise of the _______ | +3 others Cybermen
96%
Ascension of the ________ | The Timeless Children Cybermen and The Master
96%
Dark Water | Death in Heaven Missy and Cybermen
96%
The Doctor Falls | World Enough and Time The Master and Cybermen
96%
The Impossible Planet | The Satan Pit The Beast
87%
Spyfall - Part One | Spyfall - Part Two | The End of Time - Part One | +4 others The Master
85%
Blink | Flesh and Stone | The Time of ______ | The _____ Take Manhattan Weeping Angels
85%
Aliens of London | Boom Town | World War Three Slitheen
81%
Rose Autons
79%
Planet of the ___ Ood
79%
The Doctor Dances | The E_____ ______ The Empty Child
79%
Day of the Moon | The Impossible Astronaut | The Wedding of River Song The Silence
77%
Fugitive of the ______ Judoon
72%
The Poison Sky | The ________ Strategem Sontarans
72%
Smith and Jones The Judoon
72%
New Earth | The End of the World Lady Cassandra
70%
Tooth and Claw Werewolf
70%
The ________ Experiment Professor Lazarus
68%
The Eleventh Hour Prisoner Zero
64%
The Christmas Invasion Sycorax
64%
The Day of the Doctor | The ______ Invasion | The ______ Inversion Zygons
64%
Cold Blood | The Hungry Earth Silurians
62%
Forest of the Dead | Silence in the Library Vashta Nerada
62%
Human Nature | The F______ __ ______ The Family of Blood
60%
Partners in Crime Adipose
57%
The Bells of Saint John | The Name of the Doctor | The Snowmen The Great Intelligence
57%
The Unquiet Dead Gelth
55%
The Long Game Jagrafess
53%
Amy's Choice The Dream Lord
53%
The Idiot's Lanturn The Wire
53%
Cold War | Empress of Mars Ice Warriors
51%
Love & Monsters The Abzorbaloff
51%
The Rings of A_____ Akhaten
49%
Voyage of the Damned Max Capricorn
49%
Father's Day Reapers
49%
The Girl in the Fireplace Clockwork Robots
47%
Let's Kill Hitler River Song
47%
The Vampires of Venice Saturnyns
47%
The Runaway Bride The Racnoss
47%
Face The Raven Ashildr
45%
Gridlock Macra
45%
Midnight Midnight Creature
45%
The Waters of Mars The Flood
45%
Mummy on the Orient Express The Foretold
45%
The Curse of the Black Spot The Siren
40%
School Reunion Krillitanes
38%
Kill the Moon Spider Germs
38%
The Unicorn and the Wasp Vespiform
38%
The Lodger Alien Ship
36%
The Doctor's Wife House
36%
The God Complex Minotaur
36%
Extremis | The Lie of the Land | The Pyramid at the End of the World The Monks
36%
Before the Flood | Under the Lake Fisher King
34%
P______ Praxeus
32%
Flatline The Boneless
30%
A Town Called Mercy Gunslinger
28%
Time Heist Madame Karabraxos
28%
The Fires of Pompeii Pyroviles
28%
Dinosaurs on a Spaceship Solomon
28%
Turn Left Time Beetle
28%
The E______ of L_____ Eaters of Light
26%
The Crimson Horror Mr Sweet
26%
The Girl Who Waited The Handbots
26%
Last Christmas Kantrofarri
23%
Smile Emojibots
21%
The Almost People | The Rebel Flesh Gangers
21%
A Christmas Carol Kazran Sardick
21%
The Tsuranga Conundrum Pting
21%
Hell Bent Rassilon
21%
Sleep No More Sandmen
21%
Robot of Sherwood Sheriff of Nottingham
21%
The Caretaker Skovox Blitzer
21%
Heaven Sent The Veil
21%
The Battle of Ranskoor Av Kolos | The Woman Who Fell to Earth Tzim-Sha
21%
Night Terrors Dolls
19%
The Doctor's Daughter Hoff
19%
A Good Man Goes to War Madame Korvarian
19%
The Girl Who Died The Mire
19%
The Beast Below Winders
19%
The Shakespeare Code Carionites
17%
Deep Breath Half-Face Man
17%
The Husbands of River Song Hydroflax
17%
The Power of Three The Shakri
17%
Vincent and the Doctor Krafayis
15%
The Pilot Sentient Oil
15%
Planet of the Dead Stingrays
15%
Journey to the Centre of the TARDIS Time Zombies
15%
The Woman Who Lived Leandro
13%
Orphan 55 The Dregs
11%
The Doctor, the Widow and the Wardrobe The Wood Creatures
11%
Arachnids in the UK Jack Robertson
9%
Rosa Krasko
9%
Thin Ice Lord Sutcliffe
9%
The Return of Doctor Mysterio Shoal of the Winter Harmony
9%
It Takes You Away Solitract
9%
Knock Knock The Landlord
9%
The Witchfinders The Morax
9%
Nikola Tesla's Night of Terror The Skithra
9%
Kerblam! Charlie Duffy
6%
Hide Hide Creature
6%
Can You Hear Me? Immortals
4%
The Ghost Monument Remnants
4%
Fear Her Doodle Creatures
2%
Oxygen Ganymede Systems
2%
42 Korwin
2%
Demons of the Punjab Manish
0%
No matching quizzes found
Score Distribution
Percent of People with Each Score
Percentile by Number Answered
Your Score History
You have not taken this quiz